Statistiken für Mario Kart - Charakter Quiz

Klicken Sie hier um das Quiz zu spielen!

Allgemein

  • Dieses Quiz wurde 1.648 mal gespielt
    (1.420 seit der letzten Aktualisierung)
  • Das Durchschnittsergebnis liegt bei 25 aus 52

Antwortstatistiken

Ersterscheinung inCharakter% Korrekt
Super Mario KartMario
99%
Super Mario KartLuigi
98%
Super Mario KartPeach
95%
Super Mario KartBowser
93%
Mario Kart Double DashWaluigi
84%
Mario Kart 64Wario
84%
Mario Kart Double DashDaisy
83%
Mario Kart 64Donkey Kong
83%
Super Mario KartYoshi
80%
Super Mario KartToad
79%
Mario Kart Double DashBaby Mario
72%
Mario Kart Double DashBowser Jr.
71%
Super Mario KartDonkey Kong Jr.
71%
Mario Kart Double DashBaby Luigi
69%
Mario Kart WiiBaby Peach
69%
Mario Kart WiiRosalina
65%
Super Mario KartKoopa
63%
Mario Kart DSKnochentrocken
60%
Mario Kart WiiBaby Daisy
58%
Mario Kart Double DashDiddy Kong
53%
Mario Kart Double DashToadette
50%
Mario Kart 8Link
48%
Mario Kart DSShy Guy
48%
Mario Kart Double DashKönig Buu Huu
44%
Mario Kart 8Baby Rosalina
40%
Mario Kart WiiMii
37%
Mario Kart 7Metall Mario
36%
Mario Kart 8Gold-Mario
35%
Mario Kart WiiKnochen-Bowser
35%
Mario Kart 8Ludwig von Koopa
34%
Mario Kart 8Bewohner
33%
Mario Kart 8Bewohnerin
33%
Mario Kart Double DashBirdo
32%
Mario Kart WiiFunky Kong
32%
Mario Kart 8Larry Koopa
30%
Mario Kart 8Lemmy Koopa
30%
Mario Kart 7Lakitu
28%
Mario Kart 8Roy Koopa
28%
Mario Kart 8Iggy Koopa
27%
Mario Kart 8Rosagold-Peach
27%
Mario Kart 8Inkling-Junge
26%
Mario Kart 8Inkling-Mädchen
26%
Mario Kart 8Wendy O. Koopa
26%
Mario Kart 8Morton Koopa Jr.
25%
Mario Kart 7Wiggler
24%
Mario Kart 8Melinda
23%
Mario Kart 7Honigkönigin
20%
Mario Kart DSR.O.B
20%
Mario Kart 8Katzen-Peach
18%
Mario Kart 8Tanuki-Mario
18%
Mario Kart Double DashMutant Tyranha
15%
Mario Kart Double DashParakoopa
14%

Verteilung der Resultate

Perzentil nach korrekt beantworteten Fragen

Anzahl Personen mit jedem Resultat

Ihre Resultats-Entwicklung

Sie haben dieses Quiz seit der letzten Aktualisierung nicht gespielt